000 01462nam0a2200337 4500
001 RU\NLR\BIBL_A\016327680
005 20250611122714.0
010 _a978-5-906307-83-5
_930
021 _aRU
_bКН-П-23-010109
_9КН-П-23-0993
035 _a(NLR Aleph) 016327680
090 _a13050712
_c13050712
100 _a20230329d2022 u y0rusy50 ca
101 0 _arus
102 _aRU
105 _aac||g|||000zd
181 0 _ai
_baxxe
182 0 _an
200 1 _aВаш подвиг в памяти навечно
_eКнига Памяти Борзинского района
_fАлександра Аксиненко
203 _aТекст
_bвизуальный
_cнепосредственный
210 _aЧита
_cЧитинская городская типография
_d2022
215 _a479 с.
_cил., портр.
_d21
300 _aНа обл. авт. не указан
606 1 _aВеликая Отечественная война
_z1941 - 1945
_xГерои и героизм
_yЧитинская область
_jКниги памяти
_2nlr_sh2
_3RU\NLR\AUTH\6601579139
675 _a355.48(571.54/.55)(092)"1941/1945"
_v4
686 1 _aТ3(2)722.782(2Р-4Чи)
686 1 _aЦ35(2)722-424д(2Р-4Чи)
700 1 _aАксиненко
_bА. С.
_gАлександра С
942 _cBOOK
980 _aNB